V legislatíve je málo kvality a stability

Pohľad na to, aký má byť a aký je v skutočnosti postup pri tvorbe zákonov. Zastarané pravidlá. Doterajší postup pri tvorbe právnych predpisov, vládna prax. Nedostatočná úroveň zákonov zrkadlom kvality ich návrhov. Ako sa retušuje nekvalita. Novelizácie zákonov nesvedčia o stabilite právneho poriadku...

Descripción completa

Guardado en:
Detalles Bibliográficos
Autor principal: Demo, T.
Formato: Capítulo de libro
Lenguaje:eslovaco
Materias:
Etiquetas: Agregar Etiqueta
Sin Etiquetas, Sea el primero en etiquetar este registro!

MARC

LEADER 00000naa a2200000 4500
001 r000981
005 20221213114734.7
041 0 |a slo 
044 |a SK 
245 1 0 |a V legislatíve je málo kvality a stability  |c T. Demo 
520 |a Pohľad na to, aký má byť a aký je v skutočnosti postup pri tvorbe zákonov. Zastarané pravidlá. Doterajší postup pri tvorbe právnych predpisov, vládna prax. Nedostatočná úroveň zákonov zrkadlom kvality ich návrhov. Ako sa retušuje nekvalita. Novelizácie zákonov nesvedčia o stabilite právneho poriadku. 
610 2 0 |a legislatíva 
610 2 0 |a Slovensko 
610 2 0 |a politika hospodárska 
610 2 0 |a zákony 
610 2 0 |a metodika 
610 2 0 |a predpisy právne 
610 2 0 |a poriadok právny 
100 1 |a Demo, T.